000 00643nam a22002297a 4500
003 UA-OsUOA
001 136615
007 ta
008 20190402b un ||||| |||| 00| 0 ukr d
100 _aГришаев В.
090 _a882
_bГ85
942 _cBK
040 _aUA-OsUOA
_brus
_cUA-OsUOA
_dUA-OsUOA
245 _aРожденный на рассвете
300 _a400 с.
955 _a3
041 _arus
080 _a882
260 _aМ.
_bСоветский писатель
_c1981
650 7 _a8 Мовознавство. Художня література. Літературознавство
_2UDC
999 _c409968
_d409968